000 00354nam a2200145Ia 4500
008 230711s9999||||xx |||||||||||||| ||und||
041 _aENG
082 _a4
_bAL-U
100 _aAlan Simpson
245 0 _aUnderstanding dbase III plus
250 _a2nd Ed.
260 _c1991
_aNew Delhi
_bBPB Publications
650 _aComputer Engineering
942 _cBK
999 _c1224
_d1224